• 首页
  • 本馆介绍
  • 公告通知
  • 最新文献
  • 馆藏检索
  • 电子资源
  • 读者导购
  • 参考咨询
  • 我的图书馆
  • 登录
  • 详细信息显示
  • 放入我的书架
  • 预约/预借图书
  • 作者相关作品
  • 分类相关作品
  • 丛书相关作品
  • 出版社相关作品

书目信息

  • 表格格式
  • 工作单格式
  • 卡片格式
题名:
道德与宗教的两个来源
    
 
作者: 柏格森 著 ;王作虹 , 成穷 译
分册:  
出版信息: 贵阳   贵州人民出版社  2007
页数: 195页
开本: 23cm
丛书名: “现代社会与人”名著译丛
单 册:
中图分类: B82 , B91
科图分类:
主题词: 道德--研究 , 宗教--研究 , 道德 , 宗教
电子资源:
ISBN: 978-7-221-05252-0
000 01132oam2 2200337 450
001 1259523937
005 20120930163238.20
010    @a978-7-221-05252-0@dCNY28.00
100    @a20071126d2007 em y0chiy50 ea
101 1  @achi@cfre
102    @aCN@b520000
105    @ay z 000yy
200 1  @a道德与宗教的两个来源@9dao de yu zong jiao de liang ge lai yuan@dLes deux sources de la morale et de la religion@f(法)亨利·柏格森(Henri Bergson)著@g王作虹,成穷译@zfre
205    @a2版
210    @a贵阳@c贵州人民出版社@d2007
215    @a195页@d23cm
225 2  @a“现代社会与人”名著译丛
330    @a本书分为道德义务、静态宗教、动态宗教、机械设置与神秘主义四章。
461  0 @12001 @a“现代社会与人”名著译丛
510 1  @aDeux sources de la morale et de la religion@zfre
606 0  @a道德@x研究
606 0  @a宗教@x研究
606 0  @a道德
606 0  @a宗教
690    @aB82@v4
690    @aB91@v4
701  0 @c(法)@a柏格森@9bo ge sen@c(Bergson, Henri@f1859~1941)@4著
702  0 @a王作虹@9wang zuo hong@4译
702  0 @a成穷@9cheng qiong@4译
801  0 @aCN@b91MARC@c20101222
905    @a10447@dB82@eJY205
    
    道德与宗教的两个来源=Les deux sources de la morale et de la religion/(法)亨利·柏格森(Henri Bergson)著/王作虹,成穷译.-2版.-贵阳:贵州人民出版社,2007
    195页;23cm.-(“现代社会与人”名著译丛)
    
    
    ISBN 978-7-221-05252-0:CNY28.00
    本书分为道德义务、静态宗教、动态宗教、机械设置与神秘主义四章。
●
相关链接 在E读中查询图书 在五车中查询图书 在当当中查询图书 在豆瓣中查询图书


正题名:道德与宗教的两个来源     索取号:B82/JY205         预约/预借

序号 登录号 条形码 馆藏地/架位号 状态 备注
1 7829830   278298307   学院路分馆/ [索取号:B82/JY205] 在馆    
2 7829831   278298316   学院路分馆/ [索取号:B82/JY205] 在馆    
唐山师范学院图书馆 欢迎您!
大连网信软件有限公司© 版权所有